| 000 | 00750nam a2200229 u 4500 | ||
|---|---|---|---|
| 005 | 20240606063725.0 | ||
| 008 | 070910s1997 ag r 000 0 spa d | ||
| 020 | _a9505822570 | ||
| 035 | _aUPN01000151797 | ||
| 049 | _aCG | ||
| 050 | 4 |
_aLC215 _bV3.7c 1997 |
|
| 100 | 1 |
_aVargas Vargas, Laura _931130 |
|
| 245 | 1 | 0 |
_aTécnicas participativas para la educación popular : _btomo II / _cLaura Vargas, Graciela Bustillos. |
| 250 | _a6a ed. | ||
| 260 |
_aBuenos Aires : _bLumen-Hvmanitas, _c1997. |
||
| 300 | _a1 v. (en varias paginaciones) | ||
| 650 | 4 |
_aComunidad y escuela _99258 |
|
| 650 | 4 |
_aDinámica de grupos _96712 |
|
| 650 | 4 |
_aTécnicas de enseñanza _95713 |
|
| 700 | 1 |
_aBustillos de Núñez, Graciela, _ecoaut. _931131 |
|
| 905 | _aLibro | ||
| 999 |
_c123932 _d123932 |
||